| 000 | 01441cam a22003014a 4500 | ||
|---|---|---|---|
| 001 | 12595550 | ||
| 005 | 20220802115900.0 | ||
| 008 | 011121s2002 nyua b 001 0 eng | ||
| 010 | _a 2001057992 | ||
| 020 | _a978038733254 | ||
| 040 |
_aDLC _cDLC _dDLC |
||
| 042 | _apcc | ||
| 050 | 0 | 0 |
_aQA76.618 _b.C64 2002 |
| 082 | 0 | 0 |
_a005.1,COE _221 |
| 100 | 1 |
_aCoello Coello, Carlos A. _996230 |
|
| 245 | 1 | 0 |
_aEvolutionary algorithms for solving multi-objective problems / _cCarlos A. Coello Coello, David A. Van Veldhuizen, Gary B. Lamont. |
| 250 | _a2nd Edition | ||
| 260 |
_aNew York : _bSpringer _cc2007. |
||
| 300 |
_axxi, 800 p. : _bill. ; _c24 cm. |
||
| 440 | 0 |
_aGenetic algorithms and evolutionary computation ; _v5 _996231 |
|
| 505 | _aBasic Concepts (Page-1), MOP Evolutionary Algorithm Approaches (Page-61), MOEA Local Search and Convolution (Page-131), MOEA Test Suites (Page-175), MOEA Testing and Analysis (Page-233), MOEA Theory and Issues (Page-283), Applications (Page-335), MOEA Parallelization (Page-443), Multi-Criteria Decision Making (page-515), Alternative Explorations (Page-547). | ||
| 650 | 0 |
_aEvolutionary programming (Computer science) _982016 |
|
| 650 | 0 |
_aEvolutionary computation. _92855 |
|
| 700 | 1 |
_aVan Veldhuizen, David A. _996232 |
|
| 700 | 1 |
_aLamont, Gary B. _996233 |
|
| 856 | 4 | 1 |
_3Table of contents only _uhttp://www.loc.gov/catdir/enhancements/fy0902/2001057992-t.html |
| 942 |
_2ddc _cBK _k005.1,COE |
||
| 999 |
_c590752 _d590752 |
||